000 01775nam1a2200289 i 4500
001 RU\NLR\BIBL_A\010023657
005 20260408112111.0
010 _a9785914501393
035 _a(NLR Aleph) 010023657
090 _a9914370
_c9914370
100 _a20131213g20139999k y0rusy50 ca
101 0 _arus
102 _aRU
105 _a ||z||||||
200 1 _aУправление развитием крупномасштабных систем MLSD'2013
_eматериалы седьмой международной конференции (30 сентября - 2 октября 2013 г., Москва)
_eв 2 т.
_fобщ. ред.: акад. С.Н. Васильев, д.т.н. А.Д. Цвиркун
210 _aМосква
_cИПУ РАН
_d2013
215 _d29
300 _aЗагл. корешка: MLSD'2013
300 _aВ надзаг.: Федер. гос. бюджет. учреждение науки Ин-т пробл. упр. им. В.А. Трапезникова Рос. акад. наук
606 1 _aСоциально-экономические системы
_jСъезды, совещания и т.п.
_xУправление
_92156290
_3RU\NLR\AUTH\661298108
686 1 _aУ21(0)я431
686 1 _aУ21(0)030.1я431
702 1 _4340
_7ca
_8rus
_aВасильев
_bС. Н.
_cд-р физ.-мат. наук, теория управления
_f1946-
_gСтанислав Николаевич
_914335
_3RU\NLR\AUTH\7731325
711 1 2 _a"Управление развитием крупномасшабных систем", международная конференция
_d7
_eМосква
_f2013
_9386167
_3RU\NLR\AUTH\880359449
852 _aNLR
_j2013-8/3960
942 _cBOOK